LEADER 01077nam1 2200373 450 001 990002052240203316 005 20041005113438.0 035 $a000205224 035 $aUSA01000205224 035 $a(ALEPH)000205224USA01 035 $a000205224 100 $a20041005d1980----km-y0itay0103----ba 101 0 $aita 102 $aIT 105 $a||||||||001yy 200 1 $aPrincipi di pianificazione regionale$fFranco Archibugi 210 $aMilano$cAngeli$d1980 215 $a2 v.$d22 cm 410 0$12001 454 1$12001 461 1$1001-------$12001 463 \1$1001990002052250203316$12001 $a<<1.>>: Metodi e obiettivi 463 \1$1001990002052270203316$12001 $a<<2.>>: Programmi e bilanci 606 0 $aPianificazione urbanistica 676 $a711.5 700 1$aARCHIBUGI,$bFranco$0437786 801 0$aIT$bsalbc$gISBD 912 $a990002052240203316 951 $aIEP IV 200/$bE.C.$cIEP IV 959 $aBK 969 $aECO 979 $aSIAVPROV$b10$c20041005$lUSA01$h1134 996 $aPrincipi di pianificazione regionale$965488 997 $aUNISA LEADER 01470nam2-2200409---450- 001 990000539570203316 005 20050512123400.0 010 $a88-495-0122-6 035 $a0053957 035 $aUSA010053957 035 $a(ALEPH)000053957USA01 035 $a0053957 100 $a20010703d2000----km-y0itay0103----ba 101 $aita 102 $aIT 105 $a||||||||001yy 200 1 $aAnalyse linguistique et stratégies de traduction$fGiulia Papoff$v2 210 $aNapoli$cEdizioni Scientifiche Italiane$dcopyr.2000 215 $a218 p.$d24 cm 225 2 $aPubblicazioni della Facoltà di economia$fUniversità degli studi del Sannio$iSezione linguistica$v2 410 0$12001$aPubblicazioni della Facoltà di economia$fUniversità degli studi del Sannio$iSezione linguistica 461 1$10010053929$12001$aTraduire le Dernier Village 606 0 $aPoesia$xLinguaggio$xAnalisi strutturale 606 0 $aPoesia$xTraduzioni 676 $a808.1 700 1$aPAPOFF,$bGiulia$0251318 912 $a990000539570203316 951 $aIV.2. 816/2(XII B Coll.45/2)$b9439 E.C.$cXII B Coll.$d00074445 959 $aBK 969 $aECO 979 $aPAOLA$b40$c20010703$lUSA01$h1320 979 $aPAOLA$b40$c20010703$lUSA01$h1322 979 $c20020403$lUSA01$h1703 979 $aPATRY$b90$c20040406$lUSA01$h1637 979 $aCOPAT3$b90$c20050512$lUSA01$h1234 996 $aAnalyse linguistique et stratégies de traduction$9885876 997 $aUNISA LEADER 01199nam0-22003731i-450- 001 990005472450203316 005 20010829120000.0 035 $a000547245 035 $aUSA01000547245 035 $a(ALEPH)000547245USA01 035 $a000547245 100 $a20010829d1986-------|0itac50------ba 101 $aita 102 $aIT 105 $a|||| ||||| 200 1 $aFinanza innovativa$eanalisi e proposte per lo sviluppo del sistema finanziario italiano$fStudio FIDEURAM commentato da Mario Arcelli... (et al.), a cura di Enrico Sassoon 210 $dMilano : Edizioni Sole 24 Ore$d1986 215 $a187 p.$d21 cm. 606 $aFinanza$xItalia$2FI 620 $dMilano 676 $a332.109$cBanche e servizi bancari. Storia$v21 702 1$aSASSOON,$bEnrico 801 $aIT$bSOL$c20120104 912 $a990005472450203316 950 $aDIP.TO SCIENZE ECONOMICHE - (SA)$dDS 300 332.109 SAS$e1729 DISES 951 $a300 332.109 SAS$b1729 DISES 959 $aBK 969 $aDISES 979 $c20121027$lUSA01$h1532 979 $c20121027$lUSA01$h1613 979 $aPATRY$b90$c20130312$lUSA01$h1707 996 $aFINANZA innovativa$9612589 997 $aUNISA NUM $aUSA7509